000 01060cam a2200289 i 4500
001 47699
003 Mx-PuUPA
005 20230502100925.0
008 140415s2006 mx a gr 000 0 spa d
040 _aMx-PuUPA
_bspa
_cMx-PuUPA
_dMx-PuUPA
_erda
041 0 _aspa
_aeng
110 1 _914131
_aMéxico.
_bCongreso.
_bCámara de Senadores.
_bLX Legislatura,
_d2006-2009.
_eautor
245 1 3 _aLa Sede del Senado de la República /
_cSenado de la República LX Legislatura ; traducción, Lucille Palau Martínez
246 3 7 _aEstado Unidos Mexicanos
264 1 _a[México] :
_bSenado de la República,
_c[2006]
300 _a134 páginas :
_bilustraciones ;
_c29 cm
336 _2rdacontent
_atexto
_btxt
336 _2rdacontent
_aimagen fija
_bsti
337 _2rdamedia
_asin medio
_bn
338 _2rdacarrier
_avolumen
_bnc
650 7 _aEdificios gubernamentales
_2armarc
651 4 _aMéxico
_xHistoria
700 1 _aMartínez, Lucille Palau,
_etraductor
942 _2ddc
_h972
_cLI
_iS447
999 _c47699
_d47699